000 00736nam a2200229Ii 4500
003 JO-AjNU
008 230605s9999||||xx |||||||||||||| ||und||
017 _a2009/1/166
020 _a978-9957-02-351-5
040 _aJO-AjNU
_bara
_erda
_cJO-AjNU
041 _aara
050 1 4 _aZ115.1.J32 2009
100 3 _aالجبوري ، يحيى ,
_eauthor
_923366
245 0 0 _aمع المخطوطة العربية ذكريات واسفار وصلات بمحبي التراث
250 _aط1
264 3 1 _aعمان:دار مجدلاوي ،2009
300 _a264ص
336 _atext
_btxt
_2rdacontent
337 _aunmediated
_bn
_2rdamedia
338 _avolume
_bnc
_2rdacarrier
650 4 _aالمخطوطات العربية
_923367
999 _aA8442
_c12010
_d12010